[Event "Copa Latinoamericana de Ajedrez 2011"]
[Site "Montevideo URU"]
[Date "2011.11.05"]
[Round "7.106"]
[White "Rey, Fernando"]
[Black "Riverol, Santiago"]
[Result "1-0"]
[WhiteElo "1810"]
[BlackElo "1334"]
[PlyCount "23"]
[EventDate "2011.11.01"]
[EventType "swiss"]
[EventRounds "9"]
[EventCountry "URU"]
[Source "lmi"]
[SourceDate "2011.11.01"]

1. e4 e5 2. Nf3 d6 3. d4 exd4 4. Nxd4 g6 5. Nc3 Bg7 6. Bb5+ c6 7. Ba4 Nf6 8.
Qd3 O-O 9. Bg5 c5 10. Nf3 Bg4 11. h3 Be6 12. O-O-O 1-0

[Event "Copa Latinoamericana de Ajedrez 2011"]
[Site "Montevideo URU"]
[Date "2011.11.05"]
[Round "7.108"]
[White "Roibal, Felisardo"]
[Black "Belbey, Juan"]
[Result "0-1"]
[WhiteElo "1518"]
[BlackElo "1672"]
[PlyCount "88"]
[EventDate "2011.11.01"]
[EventType "swiss"]
[EventRounds "9"]
[EventCountry "URU"]
[Source "lmi"]
[SourceDate "2011.11.01"]

1. e4 c5 2. Nf3 Nc6 3. d4 cxd4 4. Nxd4 g6 5. Bc4 Bg7 6. Nxc6 bxc6 7. c3 d6 8.
Be3 Nh6 9. h3 f5 10. Qd2 Nf7 11. O-O fxe4 12. f4 d5 13. Bb3 Ba6 14. Rf2 Nd6 15.
Na3 Bd3 16. Rc1 Nf5 17. Nc2 d4 18. cxd4 Nxd4 19. Bxd4 Bxd4 20. Nxd4 Qxd4 21.
Qc3 Qxc3 22. Rxc3 Kd7 23. Rd2 Rab8 24. Bc4 Rhd8 25. Bxd3 exd3 26. h4 Kc7 27.
Rcxd3 Rxd3 28. Rxd3 Rd8 29. Rxd8 Kxd8 30. Kf2 Kc7 31. Ke3 Kb6 32. Kd4 Kb5 33.
a3 a5 34. g4 c5+ 35. Kc3 e6 36. a4+ Kc6 37. Kc4 h6 38. h5 gxh5 39. g5 hxg5 40.
fxg5 Kd6 41. g6 Ke7 42. Kxc5 h4 43. Kb5 h3 44. Kxa5 h2 0-1

[Event "Copa Latinoamericana de Ajedrez 2011"]
[Site "Montevideo URU"]
[Date "2011.11.05"]
[Round "7.109"]
[White "Bengochea, Ricardo"]
[Black "De Leon, Veronica"]
[Result "0-1"]
[WhiteElo "1504"]
[BlackElo "1639"]
[PlyCount "96"]
[EventDate "2011.11.01"]
[EventType "swiss"]
[EventRounds "9"]
[EventCountry "URU"]
[Source "lmi"]
[SourceDate "2011.11.01"]

1. e4 e5 2. Nf3 Nf6 3. Nc3 Nc6 4. d4 Nxd4 5. Nxe5 Nc6 6. Bc4 d6 7. Nf3 Ng4 8.
O-O Be7 9. Bd3 O-O 10. e5 Ngxe5 11. Nxe5 dxe5 12. Be3 f5 13. Bc4+ Kh8 14. a3
Qxd1 15. Raxd1 Bd6 16. Nb5 Rd8 17. Nxd6 cxd6 18. Bd5 f4 19. Bd2 Nd4 20. c3 Nc6
21. Bc1 Ne7 22. Bb3 d5 23. f3 Be6 24. Rfe1 Ng6 25. Rd2 Rd6 26. Bc2 Nh4 27. Rxe5
Rad8 28. Kf2 Bf7 29. Re7 R6d7 30. Rde2 Ng6 31. Rxd7 Rxd7 32. Bxg6 Bxg6 33. Bxf4
d4 34. Rd2 d3 35. Be5 Re7 36. Bd4 a6 37. h3 Kg8 38. Bc5 Re6 39. g3 Be8 40. Rxd3
Bb5 41. Re3 Rf6 42. Bd4 Rf7 43. b3 Bc6 44. h4 Rd7 45. h5 Kf7 46. g4 g6 47. h6
Bb5 48. g5 Rd6 0-1

[Event "Copa Latinoamericana de Ajedrez 2011"]
[Site "Montevideo URU"]
[Date "2011.11.05"]
[Round "8.1"]
[White "Perez Ponsa, Federico"]
[Black "Bruzon Batista, Lazaro"]
[Result "1/2-1/2"]
[WhiteElo "2484"]
[BlackElo "2689"]
[PlyCount "28"]
[EventDate "2011.11.01"]
[EventType "swiss"]
[EventRounds "9"]
[EventCountry "URU"]
[Source "lmi"]
[SourceDate "2011.11.01"]

1. e4 e6 2. Nc3 d5 3. Nf3 Nf6 4. e5 Nfd7 5. d4 c5 6. dxc5 Nc6 7. Bf4 Nxc5 8.
Bd3 Be7 9. h4 a6 10. a3 b5 11. h5 f5 12. Ne2 d4 13. Nexd4 Nxd4 14. Nxd4 Bg5
1/2-1/2

[Event "Copa Latinoamericana de Ajedrez 2011"]
[Site "Montevideo URU"]
[Date "2011.11.05"]
[Round "8.2"]
[White "Fier, Alexandr"]
[Black "Iturrizaga, Eduardo"]
[Result "1-0"]
[WhiteElo "2573"]
[BlackElo "2656"]
[PlyCount "89"]
[EventDate "2011.11.01"]
[EventType "swiss"]
[EventRounds "9"]
[EventCountry "URU"]
[Source "lmi"]
[SourceDate "2011.11.01"]

1. d4 Nf6 2. c4 e6 3. Nf3 b6 4. g3 Bb7 5. Bg2 Be7 6. O-O O-O 7. d5 exd5 8. Nh4
Ne4 9. cxd5 Nd6 10. Nf3 Bf6 11. Nc3 Na6 12. Bf4 Bxc3 13. bxc3 Re8 14. Nd4 Nc5
15. Nb3 Nce4 16. Rc1 a5 17. f3 a4 18. fxe4 axb3 19. Bxd6 b2 20. Rb1 cxd6 21.
Rxb2 Ba6 22. a4 Bc4 23. Rb4 Qc7 24. Bf3 Ra5 25. Qd4 Rc5 26. Bh5 Rf8 27. Bf3 Rb8
28. Rfb1 Ba6 29. h4 Kf8 30. Kf2 h6 31. g4 Qd8 32. Kg3 f6 33. Kf2 Qc7 34. g5
fxg5 35. hxg5 hxg5 36. Rh1 Kg8 37. Rh5 Re8 38. Rxg5 Re5 39. Rg4 Qd8 40. Rb1 Rg5
41. Rf4 Qc7 42. Qe3 Qd8 43. Rh1 Qe7 44. Bg4 Qe5 45. Qf3 1-0

[Event "Copa Latinoamericana de Ajedrez 2011"]
[Site "Montevideo URU"]
[Date "2011.11.05"]
[Round "8.3"]
[White "Cori Tello, Jorge"]
[Black "Flores, Diego"]
[Result "0-1"]
[WhiteElo "2482"]
[BlackElo "2599"]
[PlyCount "78"]
[EventDate "2011.11.01"]
[EventType "swiss"]
[EventRounds "9"]
[EventCountry "URU"]
[Source "lmi"]
[SourceDate "2011.11.01"]

1. d4 Nf6 2. c4 e6 3. g3 c5 4. d5 exd5 5. cxd5 b5 6. Bg2 d6 7. e4 Nbd7 8. Ne2
g6 9. O-O Bg7 10. Bf4 Qc7 11. Nbc3 a6 12. Rc1 Ng4 13. b4 Nge5 14. a4 Rb8 15.
axb5 axb5 16. bxc5 dxc5 17. d6 Qb6 18. Nd5 Qxd6 19. Bg5 Rb6 20. f4 Nc4 21. e5
Qb8 22. Nec3 O-O 23. Nxb6 Ndxb6 24. Qe2 Bd7 25. Be7 Rc8 26. Qf2 Qc7 27. Ne4 Na4
28. Nd6 Nxd6 29. Bxd6 Qb6 30. Rfd1 Be6 31. Bd5 Bxd5 32. Rxd5 Qb7 33. Qg2 c4 34.
Bb4 Bf8 35. Rcd1 Qb6+ 36. Kh1 Bxb4 37. Rd7 c3 38. Rb7 c2 39. Rc1 Qe3 0-1

[Event "Copa Latinoamericana de Ajedrez 2011"]
[Site "Montevideo URU"]
[Date "2011.11.05"]
[Round "8.4"]
[White "Real De Azua, Ernesto"]
[Black "Felgaer, Ruben"]
[Result "1/2-1/2"]
[WhiteElo "2459"]
[BlackElo "2573"]
[PlyCount "99"]
[EventDate "2011.11.01"]
[EventType "swiss"]
[EventRounds "9"]
[EventCountry "URU"]
[Source "lmi"]
[SourceDate "2011.11.01"]

1. d4 d5 2. c4 c6 3. Nf3 Nf6 4. Nc3 dxc4 5. a4 Bf5 6. e3 e6 7. Bxc4 Bb4 8. O-O
O-O 9. Qe2 Bg6 10. Ne5 Nbd7 11. Nxg6 hxg6 12. Rd1 Qa5 13. Bd2 Rad8 14. Be1 Nb6
15. Bb3 e5 16. dxe5 Qxe5 17. g3 g5 18. Rxd8 Rxd8 19. Rd1 Rf8 20. Qc2 a5 21. Qd3
Nbd7 22. Bc2 Re8 23. Qf5 g6 24. Qxe5 Nxe5 25. Kg2 g4 26. Ne2 Bxe1 27. Rxe1 Rd8
28. Nc3 Rd2 29. Re2 Rxe2 30. Nxe2 Nf3 31. Nd4 Ne1+ 32. Kf1 Nxc2 33. Nxc2 Ne4
34. Nd4 Kf8 35. Ke2 Ke7 36. f3 gxf3+ 37. Kxf3 Nc5 38. b3 Nd3 39. Ke2 Ne5 40.
Nf3 Ke6 41. e4 Nd7 42. Ke3 Kd6 43. Kd4 f6 44. h4 Nc5 45. Nd2 b5 46. g4 Ne6+ 47.
Ke3 Ng7 48. Kd4 Ne6+ 49. Ke3 Ng7 50. Kd4 1/2-1/2

[Event "Copa Latinoamericana de Ajedrez 2011"]
[Site "Montevideo URU"]
[Date "2011.11.05"]
[Round "8.6"]
[White "Mahia, Gustavo"]
[Black "Lemos, Damian"]
[Result "0-1"]
[WhiteElo "2386"]
[BlackElo "2543"]
[PlyCount "58"]
[EventDate "2011.11.01"]
[EventType "swiss"]
[EventRounds "9"]
[EventCountry "URU"]
[Source "lmi"]
[SourceDate "2011.11.01"]

1. e4 c5 2. Nf3 e6 3. d4 cxd4 4. Nxd4 a6 5. Bd3 Bc5 6. Nb3 Be7 7. O-O Qc7 8.
Be3 d6 9. a4 Nf6 10. a5 Nbd7 11. Nc3 O-O 12. f4 e5 13. f5 b5 14. axb6 Nxb6 15.
Qf3 Bb7 16. Na5 d5 17. exd5 Nbxd5 18. Nxb7 Nxe3 19. Qxe3 Qxb7 20. Qxe5 Rfe8 21.
Kh1 Rad8 22. Bxa6 Qxb2 23. Ra2 Qb6 24. Qb5 Qe3 25. Nd1 Qh6 26. Qb3 Ne4 27. c4
Nd2 28. Rxd2 Rxd2 29. Ne3 Qxa6 0-1

[Event "Copa Latinoamericana de Ajedrez 2011"]
[Site "Montevideo URU"]
[Date "2011.11.05"]
[Round "8.7"]
[White "Valdes Escobar, Alvaro"]
[Black "Rodriguez Vila, Andres"]
[Result "0-1"]
[WhiteElo "2385"]
[BlackElo "2505"]
[PlyCount "87"]
[EventDate "2011.11.01"]
[EventType "swiss"]
[EventRounds "9"]
[EventCountry "URU"]
[Source "lmi"]
[SourceDate "2011.11.01"]

1. Nf3 f5 2. g3 Nf6 3. Bg2 g6 4. d4 Bg7 5. O-O O-O 6. b3 c6 7. Bb2 d6 8. Nbd2
a5 9. c4 Na6 10. Qc2 Qc7 11. e4 fxe4 12. Nxe4 Bf5 13. Nh4 Bxe4 14. Bxe4 Nxe4
15. Qxe4 e5 16. dxe5 Qb6 17. Qc2 dxe5 18. Bc3 Nc5 19. b4 Ne6 20. Qe4 Rfe8 21.
a3 Nd4 22. Rfb1 axb4 23. axb4 Rad8 24. Ra2 Qc7 25. Bxd4 Rxd4 26. Qe2 Qf7 27.
Rc2 e4 28. Ng2 Rd3 29. Nf4 Rf3 30. Rd1 Bc3 31. c5 Qb3 32. b5 cxb5 33. Rd7 Be1
34. Nh3 Qe6 35. Rd1 Qxh3 36. Rxe1 Qd7 37. Rb2 Rd3 38. Rb4 e3 39. fxe3 Qd5 40.
Rxb5 Rd2 41. Qf1 Rf8 42. Qh3 Qe4 43. Rbb1 Re2 44. g4 0-1

[Event "Copa Latinoamericana de Ajedrez 2011"]
[Site "Montevideo URU"]
[Date "2011.11.05"]
[Round "8.8"]
[White "Mareco, Sandro"]
[Black "De Dovitiis, Alejo"]
[Result "1/2-1/2"]
[WhiteElo "2583"]
[BlackElo "2366"]
[PlyCount "61"]
[EventDate "2011.11.01"]
[EventType "swiss"]
[EventRounds "9"]
[EventCountry "URU"]
[Source "lmi"]
[SourceDate "2011.11.01"]

1. d4 d5 2. c4 e6 3. Nf3 Nf6 4. g3 Bb4+ 5. Bd2 Be7 6. Bg2 O-O 7. O-O c6 8. Qc2
Nbd7 9. Rd1 b6 10. Bf4 Bb7 11. Ne5 Rc8 12. Nc3 a6 13. e4 b5 14. b3 c5 15. exd5
exd5 16. dxc5 Rxc5 17. Qb2 Qc8 18. Nxd7 Nxd7 19. Be3 Bf6 20. Bxc5 Nxc5 21. Qc2
dxc4 22. Rab1 Bxg2 23. Kxg2 cxb3 24. axb3 Ne6 25. Rbc1 Nd4 26. Qb1 Qa8+ 27. Ne4
Ne2 28. f3 Nxc1 29. Nxf6+ gxf6 30. Qxc1 Rd8 31. Rxd8+ 1/2-1/2

[Event "Copa Latinoamericana de Ajedrez 2011"]
[Site "Montevideo URU"]
[Date "2011.11.06"]
[Round "8.10"]
[White "Cubas, Jose"]
[Black "Lujan, Carolina"]
[Result "1/2-1/2"]
[WhiteElo "2536"]
[BlackElo "2361"]
[PlyCount "88"]
[EventDate "2011.11.01"]
[EventType "swiss"]
[EventRounds "9"]
[EventCountry "URU"]
[Source "lmi"]
[SourceDate "2011.11.01"]

1. e4 c5 2. Nc3 a6 3. g3 b5 4. Bg2 Bb7 5. d3 e6 6. f4 b4 7. Nce2 d5 8. e5 h5 9.
Nh3 Nh6 10. Neg1 Nf5 11. Nf3 Nc6 12. O-O Qb6 13. c3 g6 14. Nhg5 Be7 15. Qe2 a5
16. Qf2 Ba6 17. Rd1 a4 18. h3 Nh6 19. a3 bxc3 20. bxc3 Rb8 21. Bf1 Na5 22. Nd2
c4 23. Qxb6 Rxb6 24. dxc4 Nxc4 25. Nxc4 dxc4 26. Be3 Rb3 27. Ne4 Bb7 28. Nd6+
Bxd6 29. exd6 Nf5 30. Bd4 Nxd4 31. Rxd4 Rxc3 32. Bxc4 Bc6 33. Rb1 O-O 34. Rb6
Bd7 35. Kf2 Rxa3 36. Rd3 Rxd3 37. Bxd3 Ra8 38. Rb7 a3 39. Bc4 a2 40. Bxa2 Rxa2+
41. Ke3 Bc6 42. Rb6 Bd7 43. Rb7 Bc6 44. Rb6 Bd7 1/2-1/2

[Event "Copa Latinoamericana de Ajedrez 2011"]
[Site "Montevideo URU"]
[Date "2011.11.05"]
[Round "8.11"]
[White "Zambrana, Oswaldo"]
[Black "Fusco, Leonardo"]
[Result "1/2-1/2"]
[WhiteElo "2502"]
[BlackElo "2383"]
[PlyCount "118"]
[EventDate "2011.11.01"]
[EventType "swiss"]
[EventRounds "9"]
[EventCountry "URU"]
[Source "lmi"]
[SourceDate "2011.11.01"]

1. e4 c5 2. Nf3 d6 3. d4 cxd4 4. Nxd4 Nf6 5. Nc3 a6 6. Bg5 e6 7. Qe2 Qc7 8. f4
Nc6 9. O-O-O Nxd4 10. Rxd4 Be7 11. g3 O-O 12. Bg2 Bd7 13. Rhd1 Bc6 14. Kb1 Rfd8
15. e5 dxe5 16. fxe5 Rxd4 17. Rxd4 Nd5 18. Nxd5 Bxd5 19. Bxe7 Bxg2 20. Bd6 Qc6
21. Rc4 Qf3 22. Qxf3 Bxf3 23. Rc7 h6 24. c4 g5 25. Kc2 Kg7 26. Kd3 Kg6 27. Ke3
Bc6 28. b4 h5 29. a4 h4 30. gxh4 Rh8 31. b5 axb5 32. axb5 Bh1 33. hxg5 Rxh2 34.
Kd4 Rc2 35. Kc5 Bd5 36. Kb4 Bf3 37. Ka5 Rc1 38. Kb6 Be4 39. c5 Rb1 40. Be7 Bf3
41. Rc8 Kf5 42. Rf8 Kxe5 43. Rxf7 Be4 44. Bd6+ Kd5 45. Rxb7 Kc4 46. Ra7 Rxb5+
47. Kc7 Kd5 48. Kd7 e5 49. c6 Bf5+ 50. Kc7 e4 51. Ra8 e3 52. Re8 Be6 53. g6 e2
54. Bg3 Rc5 55. Rd8+ Kc4 56. Rd6 Bh3 57. Rd2 Rg5 58. Be1 Rxg6 59. Rc2+ Kd3
1/2-1/2

[Event "Copa Latinoamericana de Ajedrez 2011"]
[Site "Montevideo URU"]
[Date "2011.11.05"]
[Round "8.12"]
[White "Alonso, Salvador"]
[Black "Fabian, Gaston"]
[Result "1-0"]
[WhiteElo "2483"]
[BlackElo "2352"]
[PlyCount "77"]
[EventDate "2011.11.01"]
[EventType "swiss"]
[EventRounds "9"]
[EventCountry "URU"]
[Source "lmi"]
[SourceDate "2011.11.01"]

1. e4 e5 2. Nf3 Nc6 3. Bc4 Nf6 4. d3 Be7 5. O-O O-O 6. Re1 d6 7. a4 Be6 8. a5
a6 9. Nbd2 Qd7 10. c3 Rae8 11. Qb3 Nd8 12. Nf1 Bxc4 13. Qxc4 Ne6 14. Ng3 Bd8
15. h3 h6 16. Be3 Nh7 17. d4 Nhg5 18. Nxg5 Bxg5 19. dxe5 Bxe3 20. Rxe3 dxe5 21.
Rd3 Qc6 22. Qb4 g6 23. Rad1 Rd8 24. Rd5 Kg7 25. Nf1 b6 26. Ne3 bxa5 27. Qxa5
Rb8 28. R1d2 Rb5 29. Qa3 Nf4 30. c4 Rxd5 31. exd5 Qf6 32. Qc3 Qg5 33. Kh2 Kh7
34. g3 Nh5 35. c5 Re8 36. d6 cxd6 37. cxd6 Rd8 38. Qc7 Kg7 39. h4 1-0

[Event "Copa Latinoamericana de Ajedrez 2011"]
[Site "Montevideo URU"]
[Date "2011.11.05"]
[Round "8.14"]
[White "Hernandez, Alexander"]
[Black "Dos Santos, Ramiro"]
[Result "0-1"]
[WhiteElo "2258"]
[BlackElo "2453"]
[PlyCount "96"]
[EventDate "2011.11.01"]
[EventType "swiss"]
[EventRounds "9"]
[EventCountry "URU"]
[Source "lmi"]
[SourceDate "2011.11.01"]

1. e4 c5 2. Nf3 d6 3. d4 cxd4 4. Nxd4 Nf6 5. Nc3 g6 6. Be2 Bg7 7. O-O O-O 8.
Re1 Nc6 9. Nb3 a5 10. a4 Be6 11. Bf1 Rc8 12. Nd5 Bxd5 13. exd5 Nb4 14. c4 Nd7
15. Bg5 Nc5 16. Rc1 Na2 17. Ra1 Nb4 18. Rc1 h6 19. Be3 Re8 20. f4 Nd7 21. Bd4
Bxd4+ 22. Nxd4 Qb6 23. Rc3 Nf6 24. Kh1 Na6 25. Rb3 Qc7 26. Rh3 Kg7 27. Bd3 Nc5
28. Bb1 e5 29. dxe6 Nxe6 30. Nxe6+ Rxe6 31. Rxe6 fxe6 32. Qd3 Qf7 33. Rg3 d5
34. Rxg6+ Kf8 35. Qa3+ Ke8 36. c5 b6 37. Qc3 Rxc5 38. Qe1 Ne4 39. Bxe4 dxe4 40.
Rg3 Qxf4 41. Rc3 Rxc3 42. bxc3 e3 43. g3 Qf3+ 44. Kg1 Qf2+ 45. Qxf2 exf2+ 46.
Kxf2 b5 47. Ke2 bxa4 48. Kd2 e5 0-1

[Event "Copa Latinoamericana de Ajedrez 2011"]
[Site "Montevideo URU"]
[Date "2011.11.05"]
[Round "8.16"]
[White "Bassan, Remo"]
[Black "Slipak, Sergio"]
[Result "0-1"]
[WhiteElo "2255"]
[BlackElo "2440"]
[PlyCount "68"]
[EventDate "2011.11.01"]
[EventType "swiss"]
[EventRounds "9"]
[EventCountry "URU"]
[Source "lmi"]
[SourceDate "2011.11.01"]

1. e4 e5 2. Nf3 Nc6 3. Bb5 a6 4. Ba4 Nf6 5. d3 b5 6. Bb3 Be7 7. O-O O-O 8. c3
d6 9. Qe2 Na5 10. Bc2 c5 11. Rd1 Nc6 12. Nbd2 Re8 13. a4 Rb8 14. axb5 axb5 15.
Nf1 h6 16. d4 cxd4 17. cxd4 Bg4 18. dxe5 Nxe5 19. Bf4 Bxf3 20. gxf3 Qc8 21. Ne3
Nh5 22. Bg3 Bg5 23. Nd5 Ng6 24. Bb3 Nhf4 25. Nxf4 Bxf4 26. Rd5 Be5 27. Rxb5 Qh3
28. Rxb8 Rxb8 29. Bd5 Nh4 30. Qf1 Nxf3+ 31. Kh1 Qh5 32. Ra7 Nxh2 33. Qc4 Qf3+
34. Kg1 Bxg3 0-1

[Event "Copa Latinoamericana de Ajedrez 2011"]
[Site "Montevideo URU"]
[Date "2011.11.05"]
[Round "8.18"]
[White "Menna Barreto, Felipe Kubiaki"]
[Black "Barrionuevo, Pablo"]
[Result "0-1"]
[WhiteElo "2244"]
[BlackElo "2336"]
[PlyCount "168"]
[EventDate "2011.11.01"]
[EventType "swiss"]
[EventRounds "9"]
[EventCountry "URU"]
[Source "lmi"]
[SourceDate "2011.11.01"]

1. e4 e5 2. Nf3 Nc6 3. Bc4 Nf6 4. d3 Be7 5. c3 d6 6. Bb3 O-O 7. Nbd2 Na5 8. Bc2
c5 9. O-O Qc7 10. Re1 Re8 11. Nf1 h6 12. h3 Bf8 13. Ng3 g6 14. Nh2 Qe7 15. f4
Bg7 16. Rf1 b5 17. f5 g5 18. Nh5 Bd7 19. Nxg7 Kxg7 20. h4 gxh4 21. Qe1 Rh8 22.
Qxh4 Kf8 23. Bxh6+ Ke8 24. Qg5 Rg8 25. Qh4 Rh8 26. Rf3 Bc6 27. Qg5 Rg8 28. Bg7
Nh7 29. Qh6 Qg5 30. f6 Qxh6 31. Bxh6 Rg6 32. Bg7 Bd7 33. Kf2 Be6 34. Rh1 Kd7
35. Nf1 Ng5 36. Rg3 Bxa2 37. Ne3 c4 38. dxc4 Nxc4 39. Rh6 Rxh6 40. Bxh6 Ne6 41.
Nf1 Rh8 42. Bc1 Nc5 43. Rh3 Rxh3 44. gxh3 Ke6 45. Bg5 Bb3 46. Bxb3 Nxe4+ 47.
Kf3 Nxg5+ 48. Kg4 Nh7 49. Bxc4+ bxc4 50. Ne3 Nxf6+ 51. Kg5 d5 52. h4 Ne4+ 53.
Kg4 a5 54. h5 a4 55. h6 Nf6+ 56. Kg5 Nh7+ 57. Kh5 Nf8 58. Kg5 f6+ 59. Kg4 Nh7
60. Kh5 d4 61. cxd4 exd4 62. Nxc4 d3 63. Kg6 Ng5 64. Nd2 Ke5 65. Nc4+ Kd4 66.
Kxf6 Kxc4 67. Kxg5 d2 68. h7 d1=Q 69. h8=Q Qd2+ 70. Kf5 Qd5+ 71. Kg6 Qe6+ 72.
Kg5 Qe3+ 73. Kf5 Qf3+ 74. Kg5 Qg2+ 75. Kf4 Qd2+ 76. Kf5 Qc2+ 77. Ke6 Kb3 78.
Kd7 Qxb2 79. Qb8+ Ka3 80. Qf8+ Qb4 81. Qf3+ Kb2 82. Qf2+ Kb3 83. Qf3+ Kc2 84.
Qe4+ Qxe4 0-1

[Event "Copa Latinoamericana de Ajedrez 2011"]
[Site "Montevideo URU"]
[Date "2011.11.05"]
[Round "8.19"]
[White "Egoroff, Jomar"]
[Black "Ovalles, Otto"]
[Result "1-0"]
[WhiteElo "2311"]
[BlackElo "2175"]
[PlyCount "97"]
[EventDate "2011.11.01"]
[EventType "swiss"]
[EventRounds "9"]
[EventCountry "URU"]
[Source "lmi"]
[SourceDate "2011.11.01"]

1. e4 c6 2. d4 d5 3. Nc3 dxe4 4. Nxe4 Nd7 5. Bc4 Ngf6 6. Ng5 e6 7. Qe2 Nb6 8.
Bb3 h6 9. N5f3 a5 10. a3 c5 11. Be3 Qc7 12. Ne5 Bd6 13. Ngf3 Nbd7 14. O-O-O O-O
15. Nxd7 Bxd7 16. g4 cxd4 17. Nxd4 a4 18. Ba2 Rfd8 19. h4 Rac8 20. g5 e5 21.
gxf6 exd4 22. Rxd4 Bb5 23. Qd2 Be5 24. Rxd8+ Rxd8 25. Qb4 Bd3 26. c3 Bxf6 27.
Rg1 Qc6 28. Rd1 Bg6 29. Rg1 Qf3 30. Bb1 Bxb1 31. Kxb1 Rd1+ 32. Rxd1 Qxd1+ 33.
Ka2 Qd5+ 34. c4 Qc6 35. h5 Qh1 36. Qxa4 Qxh5 37. Qe8+ Kh7 38. Qe4+ Qg6 39. Qxb7
Qc2 40. Qb3 Qe4 41. c5 Kg6 42. Qd1 h5 43. Qc1 h4 44. c6 Qd5+ 45. b3 h3 46. Qc2+
Kh5 47. Qe2+ Kh4 48. c7 Qe5 49. Qc4+ 1-0

[Event "Copa Latinoamericana de Ajedrez 2011"]
[Site "Montevideo URU"]
[Date "2011.11.05"]
[Round "8.21"]
[White "Leiva, Giuseppe"]
[Black "Rodriguez, Santiago"]
[Result "1/2-1/2"]
[WhiteElo "2183"]
[BlackElo "2269"]
[PlyCount "126"]
[EventDate "2011.11.01"]
[EventType "swiss"]
[EventRounds "9"]
[EventCountry "URU"]
[Source "lmi"]
[SourceDate "2011.11.01"]

1. d4 Nf6 2. Nf3 e6 3. e3 d6 4. Bd3 Nbd7 5. c4 g6 6. Nc3 Bg7 7. b4 O-O 8. Bb2
e5 9. Be2 e4 10. Nd2 Re8 11. Qc2 Qe7 12. a4 Nf8 13. a5 a6 14. b5 Bf5 15. bxa6
bxa6 16. Nd5 Nxd5 17. cxd5 Qg5 18. g3 Bg4 19. Bf1 Qxd5 20. h3 Bf3 21. Nxf3 exf3
22. Bc4 Qh5 23. g4 Qh4 24. O-O-O Qg5 25. h4 Qxa5 26. Bc3 Qb6 27. Qa2 Re7 28.
Ba5 Qa7 29. Bd5 Rb8 30. Bc6 Ne6 31. Qd5 Nd8 32. Qxf3 Nxc6 33. Qxc6 Rb5 34. Bc3
Rb6 35. Qa4 Qb7 36. Qc2 Qf3 37. h5 Qxg4 38. Rdg1 Qe4 39. Qxe4 Rxe4 40. Kd2 Re8
41. Rg5 Rb5 42. Rhg1 c5 43. Kd3 cxd4 44. Rxb5 axb5 45. exd4 Ra8 46. Rb1 Rb8 47.
Bb4 Bf8 48. Ke4 d5+ 49. Kxd5 Bxb4 50. Rxb4 Kg7 51. Kd6 gxh5 52. Kc7 Re8 53. d5
Re2 54. d6 Rd2 55. d7 Rc2+ 56. Kb8 Rd2 57. Kc8 Rc2+ 58. Kb7 Rd2 59. Kc7 Rc2+
60. Kd6 Rd2+ 61. Ke7 Re2+ 62. Kd6 Rd2+ 63. Kc6 Kf6 1/2-1/2

[Event "Copa Latinoamericana de Ajedrez 2011"]
[Site "Montevideo URU"]
[Date "2011.11.05"]
[Round "8.22"]
[White "Lacayo, Rene"]
[Black "Ulaneo, Nicolas"]
[Result "1-0"]
[WhiteElo "2264"]
[BlackElo "2106"]
[PlyCount "45"]
[EventDate "2011.11.01"]
[EventType "swiss"]
[EventRounds "9"]
[EventCountry "URU"]
[Source "lmi"]
[SourceDate "2011.11.01"]

1. d4 Nf6 2. c4 e6 3. Nf3 b6 4. g3 Bb7 5. Bg2 Be7 6. O-O O-O 7. Nc3 Ne4 8. Bd2
d6 9. d5 Nxc3 10. Bxc3 e5 11. e4 f5 12. exf5 Rxf5 13. Nd2 Bc8 14. Be4 Rf6 15.
f4 Bh3 16. fxe5 Rxf1+ 17. Nxf1 Bxf1 18. Qh5 h6 19. Rxf1 Nd7 20. Qf7+ Kh8 21.
exd6 Bf6 22. dxc7 Qxc7 23. Rxf6 1-0

[Event "Copa Latinoamericana de Ajedrez 2011"]
[Site "Montevideo URU"]
[Date "2011.11.05"]
[Round "8.23"]
[White "Lopez Azambuja, Nicolas"]
[Black "Cuevas Araya, Walter"]
[Result "1/2-1/2"]
[WhiteElo "2166"]
[BlackElo "2259"]
[PlyCount "101"]
[EventDate "2011.11.01"]
[EventType "swiss"]
[EventRounds "9"]
[EventCountry "URU"]
[Source "lmi"]
[SourceDate "2011.11.01"]

1. d4 Nf6 2. c4 e6 3. Nc3 Bb4 4. Qc2 c5 5. dxc5 Na6 6. a3 Bxc3+ 7. Qxc3 Nxc5 8.
f3 a5 9. Bf4 a4 10. Bd6 Qa5 11. Qxa5 Rxa5 12. e4 Kd8 13. Rd1 Ne8 14. Bf4 Ra6
15. Ne2 f6 16. Nc3 h5 17. Be2 b6 18. O-O Bb7 19. Rf2 h4 20. h3 g5 21. Be3 e5
22. Bf1 Rh7 23. Rfd2 Ra5 24. Rc2 Re7 25. Nb5 Bc6 26. Nc3 Kc8 27. Na2 Re6 28.
Rcd2 Kc7 29. Nb4 Rd6 30. Rxd6 Nxd6 31. Kf2 Ndb7 32. Nc2 Nd8 33. Bd2 Ra8 34. Ne3
Nde6 35. Bc3 d6 36. Nf5 Rd8 37. Be2 Nf4 38. Bf1 Bb7 39. Ne3 Nh5 40. Bd3 Nf4 41.
Bc2 Bc6 42. Bb4 Ra8 43. Nf5 Rd8 44. Ne3 Na6 45. Bc3 Ne6 46. Nf5 Rd7 47. Ne3
Nac5 48. Nf5 Ng7 49. Ne3 Rd8 50. Bb4 Na6 51. Bc3 1/2-1/2

[Event "Copa Latinoamericana de Ajedrez 2011"]
[Site "Montevideo URU"]
[Date "2011.11.05"]
[Round "8.24"]
[White "De Lima, Carlos Alexandre"]
[Black "Paveto, Kevin"]
[Result "0-1"]
[WhiteElo "2106"]
[BlackElo "2258"]
[PlyCount "106"]
[EventDate "2011.11.01"]
[EventType "swiss"]
[EventRounds "9"]
[EventCountry "URU"]
[Source "lmi"]
[SourceDate "2011.11.01"]

1. e4 e5 2. Nf3 Nc6 3. Bc4 Bc5 4. O-O d6 5. d3 h6 6. Be3 Bb6 7. c3 Qf6 8. Nbd2
Nge7 9. b4 g5 10. a4 a6 11. Qe2 Ng6 12. Bxb6 cxb6 13. Qe3 Nf4 14. Qxb6 g4 15.
Ne1 h5 16. b5 Ne7 17. bxa6 bxa6 18. Bd5 Nexd5 19. exd5 Ke7 20. f3 Bd7 21. c4
gxf3 22. Rxf3 Rhb8 23. Qe3 Rb2 24. d4 Rg8 25. g3 Nh3+ 26. Kh1 Qg5 27. Qxg5+
Nxg5 28. Rf2 exd4 29. Nd3 Rc2 30. Nb4 Rc3 31. Nc6+ Bxc6 32. dxc6 Rc8 33. Rb1
Rxc6 34. Rb7+ Kd8 35. h4 Ne6 36. Rfxf7 Rxg3 37. Rbd7+ Kc8 38. Ne4 Rb3 39. Nxd6+
Kb8 40. Rfe7 Nc7 41. Rd8+ Ka7 42. Rc8 Rxd6 43. Rexc7+ Rb7 44. c5 Rd5 45. Kg2 d3
46. c6 Rxc7 47. Rxc7+ Kb6 48. Rd7 Kxc6 49. Rxd5 Kxd5 50. Kf2 Kc4 51. Ke1 Kb4
52. Kd2 Kxa4 53. Kxd3 Kb3 0-1

[Event "Copa Latinoamericana de Ajedrez 2011"]
[Site "Montevideo URU"]
[Date "2011.11.05"]
[Round "8.25"]
[White "Muniz, Rafael"]
[Black "Rezende Vilela, Guilherme"]
[Result "1-0"]
[WhiteElo "2220"]
[BlackElo "2050"]
[PlyCount "49"]
[EventDate "2011.11.01"]
[EventType "swiss"]
[EventRounds "9"]
[EventCountry "URU"]
[Source "lmi"]
[SourceDate "2011.11.01"]

1. e4 c5 2. Nf3 e6 3. c3 Nf6 4. Bd3 Nc6 5. Bc2 Qa5 6. O-O c4 7. Qe2 b6 8. e5
Nd5 9. d4 b5 10. Nbd2 Nxc3 11. bxc3 Qxc3 12. Qe4 Qxa1 13. d5 Bb7 14. dxc6 Bxc6
15. Qf4 Qxa2 16. Bb1 Qa6 17. Ng5 O-O-O 18. Nxf7 Ba3 19. Bxa3 Qxa3 20. Nxc4 bxc4
21. Nd6+ Kc7 22. Be4 Rhf8 23. Qg4 Qc5 24. Bxc6 dxc6 25. Qxg7+ 1-0